000 004930000a22001930004500
001 000856
003 MACL
005 20150918114944.0
008 150918b xxu||||| |||| 00| 0 eng d
040 _aMACL
_cMACL
041 _aEnglish
082 _a824/ROY
100 _aRoy, M.N.
_91744
245 _aSelections From The Marxian Way And The Humanist Way
_cM.N. Roy
260 _aNew Delhi
_c1999
_bAjanta Publishers,
350 _a395
650 _aEnglish Essay
_98946
942 _k824
_cBK
_2ddc
999 _c854
_d854